[Event "Dortmund 44th"]
[Site "Dortmund"]
[Date "2016.07.10"]
[Round "2"]
[White "Caruana, Fabiano"]
[Black "Nisipeanu, Liviu Dieter"]
[Result "1/2-1/2"]
[WhiteElo "2810"]
[BlackElo "2674"]
[Annotator "CB"]
[PlyCount "85"]
[EventDate "2016.07.09"]
[EventType "tourn"]
[EventRounds "7"]
[EventCountry "GER"]
[EventCategory "20"]
[SourceTitle "CBM 174"]
[Source "ChessBase"]
[SourceDate "2016.09.13"]
[SourceVersion "1"]
[SourceVersionDate "2016.09.13"]
[SourceQuality "1"]

1. e4 c6 2. d4 d5 3. e5 Bf5 4. Nf3 e6 5. Be2 c5 6. Be3 cxd4 7. Nxd4 Ne7 8. O-O
Nbc6 9. Bb5 a6 10. Bxc6+ Nxc6 11. Nxf5 exf5 12. f4 $1 {Eine gute Neuerung. In
einer Vorgängerpartie hielt Nisipeanu das Gleichgewicht:} (12. c3 Be7 13. Qd3
Nxe5 14. Qxf5 Nc4 15. Bc1 Qd7 16. Qxd7+ Kxd7 $11 {Volokitin,A (2624)-Nisipeanu,
L (2668) Bled 2016}) 12... Qa5 13. Kh1 {In Zukunft werden sich Weiß mit der
Zugfolge} (13. Nd2 Bc5 14. Bf2 $14 {befassen, da sie etwas Vorteil zu
versprechen scheint.}) 13... Bc5 14. Bd2 {Weiß möchte den schwarzfeldrigen
Läufer auf dem Brett halten, doch das kostet Zeit.} Qc7 15. Nc3 d4 16. Ne2 O-O
17. Be1 Rad8 (17... f6 $11 {scheint einfach und gut zu sein.}) 18. Qd3 Qb6 19.
a3 Qb5 20. Qxb5 axb5 21. Rf3 b4 22. axb4 Bxb4 23. Bf2 Rfe8 24. Nc1 Be7 25. Rb3
f6 26. Nd3 fxe5 27. fxe5 Bg5 28. Bg3 Re7 29. Rb5 Be3 30. e6 Rxe6 31. Rxf5 {
Danach verflacht die Partie noch mehr.} (31. Rxb7 {ist etwas kritischer.})
31... Ne7 32. Rb5 b6 33. Be5 Rc8 34. c3 dxc3 35. Bxc3 Rd8 36. Re5 Rxe5 37. Nxe5
Nd5 38. g3 Nxc3 39. bxc3 Bg5 40. Rb1 Bf6 41. Nc6 Rd2 42. Rxb6 Bxc3 43. Ne7+
1/2-1/2

[Event "Dortmund 44th"]
[Site "Dortmund"]
[Date "2016.07.12"]
[Round "3"]
[White "Najer, Evgeniy"]
[Black "Caruana, Fabiano"]
[Result "0-1"]
[WhiteElo "2687"]
[BlackElo "2810"]
[Annotator "Sumets,A"]
[PlyCount "92"]
[EventDate "2016.07.09"]
[EventType "tourn"]
[EventRounds "7"]
[EventCountry "GER"]
[EventCategory "20"]
[SourceTitle "CBM 174"]
[Source "ChessBase"]
[SourceDate "2016.09.13"]
[SourceVersion "1"]
[SourceVersionDate "2016.09.13"]
[SourceQuality "1"]

1. e4 c6 2. d4 d5 3. e5 Bf5 4. Nf3 e6 5. Be2 Ne7 6. O-O h6 {Nowadays this
risky plan is getting more and more popular.} 7. Nbd2 Nd7 8. Nb3 g5 9. Bd2 ({
Another popular line is} 9. Ne1 Qc7 10. Nd3 Ng6 11. Bg4 Bxg4 12. Qxg4 c5 13.
Nbxc5 Bxc5 14. dxc5 Nxc5 15. Nxc5 Qxc5 16. Be3 $6 Qc7 $6 (16... Qxc2 $5 17. Qb4
Qc4 18. Qa3 Qa6 {seems to be in Black's favour}) 17. Rac1 O-O-O 18. Qd4 b6 19.
c4 dxc4 20. Qe4 Kb8 21. f4 gxf4 (21... Rd3 $5 22. Qxd3 cxd3 23. Rxc7 Kxc7 24.
fxg5 hxg5 25. Bxg5 Nxe5 26. Bf4 Kd6 27. Rd1 Kd5 28. Bxe5 Kxe5 29. Rxd3 $11) 22.
Rxc4 Qb7 23. Bxf4 Qxe4 24. Rxe4 Rh7 $11 {Vachier Lagrave,M (2788)-Rodshtein,M 
(2689) Drancy FRA 2016 1-0 (59)}) 9... Qc7 ({Black can start with} 9... a5 10.
a4 (10. c4 $6 Bg7 $6 (10... a4 $1 11. Nc1 dxc4 12. Bxc4 Nb6 {Black has got
better chances. For instance} 13. Bd3 g4 ({or} 13... Bxd3 14. Nxd3 g4 15. Nfe1
h5 $15) 14. Nh4 a3 15. Bc3 Bxd3 16. Nxd3 h5 $15) 11. Bc3 O-O 12. Re1 a4 13.
Nbd2 Ng6 14. h3 Nf4 15. Bf1 Re8 16. Re3 f6 17. exf6 Bxf6 18. Nh2 c5 $132 {
Popilski,G (2483)-Kreisl,R (2410) Warsaw 2013 1-0 (41)}) 10... Bg7 (10... Qc7 {
leads to the game Najer,E - Caruana,F}) 11. Re1 Qc7 12. Rc1 Ng6 13. h3 O-O 14.
Be3 f6 15. exf6 Nxf6 16. Nh2 $2 (16. Bd3 Qf7 17. Bxf5 exf5 18. Ne5 $14) 16...
Rae8 17. Nc5 e5 18. c4 e4 19. Qb3 b6 $15 {Gomez Garrido,C (2541)-Peralta,F 
(2588) Barcelona ESP 2016 0-1 (66)}) 10. a4 a5 11. c4 (11. Rc1 Bg7 12. c4 O-O
13. Qe1 Qb6 14. Nxa5 Ng6 $5 (14... Qxb2 15. c5 g4 16. Bc3 gxf3 17. Bxb2 fxe2
18. Qxe2 Rxa5 19. Ra1 Rfa8 $13) (14... Bg6 $6 15. c5 Qc7 16. h3 $6 (16. b4 f6
17. exf6 Nxf6 18. Ne5 Ne4 19. Bc3 $16) 16... f6 17. exf6 Nxf6 18. b4 g4 19.
hxg4 Nxg4 $44 20. g3 Rae8 (20... Be4 $1 21. Bc3 (21. Rc3 Nf5 22. Nb3 e5 23.
dxe5 Nxe5 24. Bf4 Nxf3+ 25. Bxf3 Qf7 $17) 21... Rxf3 22. Bxf3 Bxf3 23. Qxe6+
Kh7 24. Qd6 $13) 21. Bc3 Be4 22. Qd1 $4 Ne3 {0-1 Esserman,M (2419)-Iturrizaga,
E (2624) Caleta ENG 2016}) 15. c5 Qc7 16. h3 f6 17. exf6 Nxf6 18. b4 Ne4 19.
Be3 Nf4 $44 {Zaibi,A (2330)-Caruana,F (2808) Baku 2015 0-1 (35)}) (11. Ne1 Bg7
12. f4 gxf4 (12... c5 {seems to be a stronger continuation than ...gxf4} 13.
Bb5 Nc6 14. Nf3 c4 15. Nc1 f6 16. exf6 Nxf6 17. Ne2 Ne4 18. Ne5 $6 O-O 19. Bxc6
bxc6 20. Ng3 Qb6 (20... c5 $1 21. c3 Rab8 $17) 21. Nxe4 Bxe4 22. Bc3 Rxf4 23.
Rxf4 gxf4 $17 {Predke,A (2464)-Bocharov,D (2600) Izhevsk 2012 1/2 (49)}) 13.
Bxf4 (13. Nd3 $5 Rg8 14. Kh1 Be4 15. Nxf4 Nf5 16. Bh5 Bh8 17. Nxe6 $2 (17. Qe2
$1 Ke7 18. Rae1 Rg5 19. Bf3 $16) 17... Bxg2+ 18. Kg1 Be4+ 19. Kf2 $13 {
Bodnaruk,A (2402)-Danielian,E (2458) Chakvi 2015 1-0 (31)}) 13... Ng6 14. Bd3
Bxd3 15. Nxd3 b6 16. Qf3 O-O 17. Qh3 Kh7 18. Nd2 (18. Be3 $5 c5 19. Nf4 cxd4
20. Nxd4 Ndxe5 21. Nh5 $40) 18... c5 19. Nf3 c4 $4 (19... Rae8 $6 20. c3 $1 c4
21. Bxh6 $1 Bxh6 22. Ng5+ Kg7 23. Nxf7 Rxf7 24. Rxf7+ Kxf7 25. Qxh6 Ndf8 26.
Nf4 $18) (19... Nxf4 20. Nxf4 cxd4 21. Nh5 Nxe5 22. Nxg7 Nxf3+ 23. Rxf3 Kxg7
24. Qh5 Rh8 25. Raf1 f5 $11) 20. Bxh6 $1 Bxh6 21. Ng5+ Kg7 22. Rxf7+ $1 Rxf7
23. Nxe6+ Kh7 24. Nxc7 $18 {Swiercz,D (2665)-Kanarek,M (2532) Poznan POL 2016
1-0 (34)}) 11... dxc4 (11... Bg7 12. cxd5 (12. c5 $5 f6 13. exf6 Bxf6 14. Bc3
O-O 15. Bd3 $14) 12... Nxd5 13. Ne1 f6 14. Bh5+ Kd8 15. exf6 N7xf6 16. Be2 Ne4
17. Bd3 Nxd2 18. Qxd2 Kc8 (18... Qf4 $5) 19. Rc1 Re8 20. Bxf5 exf5 $11 {
Rublevsky,S (2692)-Girya,O (2456) Khanty-Mansiysk RUS 2015 1-0 (44)}) 12. Bxc4
Nd5 $146 {In comparison with the game Kurnosov, I - Gritsenko,A, Fabiano wants
to put his bishop on e7, then his king can go to g7.} (12... Bg7 13. Rc1 b6 (
13... O-O $5 {this is a risky decision, but I'm afraid that Black has no
choice.} 14. Re1 Rfd8 15. h3 Bg6 16. Qe2 $13 {Here I would prefer to have the
white pieces.}) 14. Qe2 O-O {Andrey Gritsenko admitted that the only asylem
for his king is the kingside.} 15. Bd3 $1 {White's main idea is to swap the
light-squares bishops.} Bg4 (15... Bxd3 16. Qxd3 c5 17. Bxg5 $1 hxg5 18. Nxg5
Nf5 (18... Rfe8 $2 19. Qh7+ Kf8 20. f4 $18 {Black's position is hopeless}) 19.
g4 Bh6 20. gxf5 Bxg5 21. f4 Bh6 22. Rf3 $1 exf5 23. Rh3 Qc6 24. d5 Qg6+ 25. Rg3
$18) 16. h3 Bh5 17. Bb1 Rac8 18. h4 gxh4 19. Qe4 f5 $2 (19... Bg6 20. Qxh4 Bxb1
21. Rxb1 Nf5 22. Qg4 Rfd8 23. Rbc1 $14) 20. Qxh4 Bxf3 21. gxf3 Nd5 22. Kh1 $18
{Kurnosov,I (2660)-Gritsenko,A (2422) Vladivostok 2012 1-0 (28)}) 13. Ne1 Be7
14. Bd3 Nf8 15. Qc2 (15. Bxf5 $6 exf5 16. Nd3 Ne6 17. Rc1 Qb6 $11) 15... Bg6 $5
({White has the better chances after} 15... Bxd3 16. Nxd3 Ng6 17. Rac1 Kf8 18.
g3 Rg8 19. Nbc5 $14) 16. Rc1 ({White could have tried to fight for an
advantage after} 16. Nc5 $5 Bxd3 (16... Qb6 17. Bxg6 Nxg6 18. Nxe6 fxe6 19.
Qxg6+ Kd7 20. Qd3 $16) (16... Rg8 $5 17. g3 Bxc5 18. Qxc5 Nd7 19. Qc4 Qb6 20.
Rb1 $13) 17. Nexd3 Ng6 18. g3 b6 19. Ne4 Qd7 20. Rae1 Kf8 21. f4 gxf4 22. Nxf4
Ngxf4 23. Bxf4 Rd8 24. Bd2 $40) 16... Qb6 17. Bxg6 Nxg6 18. Nd3 Nh4 $1 {
Black's knight is heading to f5.} 19. Rfe1 Nf5 $11 20. Re4 {Evgeniy wants to
protect his d4-pawn and then he can launch an attack by means of f4.} (20. Ndc5
g4 $5 21. Qd3 h5 22. Ne4 Nb4 23. Qc4 O-O-O 24. Ng5 Bxg5 25. Bxg5 Rd5 26. Re4
$11) 20... Rg8 {Now f4 is a double-edged plan.} 21. Ndc5 Qc7 22. Qd1 b6 23. Nd3
Qd7 24. h3 (24. Be1 Kf8 25. Nd2 Rd8 26. Nc4 Qb7 27. Qf3 {with a roughly equal
position.}) 24... Kf8 25. Kh2 Rd8 26. Rc4 Rc8 27. g3 $6 {It wasn't necessary
to weaken the main diagonal.} (27. Re1 Kg7 28. Qh5 Rgd8 29. Rec1 (29. g3 $6 Nc7
30. h4 Qd5 31. Rc3 c5 $1 32. dxc5 b5 $17) 29... Qe8 30. Qf3 $11) (27. Qf3 Kg7
28. Re1 Rgd8 (28... b5 $5 29. Rcc1 (29. axb5 cxb5 30. Rxc8 Rxc8 31. Bxa5 Rc4
$44) 29... bxa4 30. Nbc5 Qa7 31. Qe4 Rb8 32. Rc4 $13) 29. Rec1 Qe8 $11) 27...
Nc7 $1 {Fabiano is aiming to play ..b5. In order to prepare it, he transfers
his knight from the central square, where it hindered other pieces from attack
in the d4-pawn, to a6.} 28. Qc2 Na6 29. Ne1 Kg7 30. Nf3 b5 $15 31. Rc3 $1 (31.
axb5 $6 cxb5 32. Rxc8 Rxc8 33. Qd3 a4 34. Nc1 Bb4 $17) 31... bxa4 ({I believe
that Fabiano should have tried} 31... Bb4 $5 32. Rd3 Qd5 33. Rg4 bxa4 34. Nc5
Bxc5 35. dxc5 Qxc5 36. Qxc5 Nxc5 37. Rc3 Nb3 38. Rxa4 $15 {White has good
chances to make a draw.}) 32. Nc5 $6 {After this move White's position is very
difficult. I think Evgeniy should have prefered Nxa5:} (32. Nxa5 $5 Nb4 33. Qb1
Qd5 34. Nc4 Na2 $1 35. Nb6 Nxc3 36. Bxc3 Qb5 37. Nxc8 Rxc8 $15) 32... Bxc5 33.
dxc5 Nb4 34. Qb1 Rcd8 $6 {After this move White is more or less OK.} ({It was
much stronger to play} 34... Qd5 $1 {Now White needs a good advice.} 35. Be1 (
35. h4 Rgd8 $1 36. hxg5 h5 $1 37. Kg2 (37. Rcc4 Nd3 38. Bxa5 Nxf2 39. Bxd8 Rxd8
40. Rf4 Nd3 41. Rfe4 (41. Nh4 Nxf4 42. Nxf5+ exf5 43. Rxf4 Qxe5 44. Qxf5 Rd2+
45. Kh3 Qxf5+ 46. Rxf5 Rxb2 47. Rf6 Rb5 $1 48. Rxc6 Ra5 $19) 41... Rb8 $19)
37... Rb8 38. Re2 Nd3 $19) (35. Re2 Rgd8 36. Be1 Nd3 37. Kg2 a3 $1 38. Rxa3
Nh4+ $1 39. gxh4 Nf4+ 40. Kf1 Nxe2 41. Kxe2 Qc4+ 42. Ke3 Qxc5+ 43. Ke2 Rb8 44.
Rc3 Qb5+ 45. Ke3 Qb6+ 46. Ke2 Qa6+ 47. Ke3 Rb4 $17) 35... Rgd8 36. Kg2 Rb8 37.
Re2 Qd1 38. Qe4 Nd3 $17) 35. Kg2 Qd5 36. Rcc4 Qd3 37. Qa1 $6 {In any case,
after 37...Rd5 White can't take on a4 due to ...Rxc5.} (37. Qc1 $1 Rb8 (37...
Na2 38. Qc2 Qxc2 39. Rxc2 Nb4 40. Bxb4 axb4 41. Rxb4 Ra8 42. h4 $11) (37... Rd5
38. Bxb4 axb4 39. Rxb4 Rb8 40. Rxa4 Qb3 41. g4 Ne7 42. Nd4 Qxb2 43. Qxb2 Rxb2
44. Ra7 Kf8 45. Ra8+ Kg7 46. Ra7 $11) 38. Bxb4 axb4 39. Rxb4 Rxb4 40. Rxb4 Rd8
41. Rxa4 (41. Nxg5 $2 hxg5 42. Qxg5+ Kh7 43. Qh5+ Nh6 44. Rh4 Qg6 $17) 41...
Qe2 42. Ng1 Qxe5 43. Nf3 Qe2 44. Qc3+ Kh7 45. Qe5 $11) 37... Rd5 $1 38. Rg4 $2
{An useless move. White doesn't have enough time to play h4.} (38. Bxb4 axb4
39. Rxb4 Rxc5 40. Qa3 Qxa3 41. bxa3 Rd8 42. Rec4 $15) 38... Kh8 $2 {Fabiano
could have got a winning position after 38...Rgd8.} (38... Rgd8 $1 39. Qxa4 (
39. Qa3 Qxa3 40. bxa3 Rxd2 41. Nxd2 Rxd2 42. axb4 Ne3+ 43. Kf3 Nxc4 44. Rxc4
axb4 45. Rxb4 a3 {Black should win the endgame.}) (39. Qe1 Nd4 40. Nxd4 Rxd4
41. Rgxd4 Rxd4 42. Rxd4 Qxd4 $19) (39. Nxg5 hxg5 40. Bxg5 Kf8 41. Qxa4 Rb8 42.
Qxa5 Nc2 $19) 39... Qxf3+ $3 40. Kxf3 Rxd2 41. Rge4 R8d3+ 42. Kg2 Rxb2 $1 (
42... Rxg3+ 43. Kf1 Rxh3 44. Kg2 Rhd3 $17) 43. Rc1 Rxg3+ 44. Kf1 Rf3 45. Kg1
Rfxf2 $19) 39. Qc1 Na2 $1 40. Qe1 $2 {After this mistake Black has a winning
position. Probably Evgeniy didn't have enough time for calculation.} (40. Qa1
Rb8 $1 (40... Nb4 41. Qc1 $11) 41. Qxa2 Rb3 42. Rc3 (42. Bc3 $2 Ne3+ 43. fxe3
Qe2+ 44. Kg1 Rd1+ $19) 42... Rxc3 43. bxc3 $8 (43. Bxc3 $2 Qe2 $1 $19) 43...
Qe2 44. Qc4 $1 (44. Qa1 $2 Rd3 45. Nd4 Nxd4 46. Rxd4 Rxd2 47. Rxd2 Qxd2 48.
Qxa4 Qd5+ 49. Kg1 Qxc5 {The endgame should be winning for Black}) 44... Rxd2
45. Qxe2 Rxe2 46. Rxa4 Rc2 47. Rxa5 Rxc3 {White should make a draw.}) 40... Rb8
$1 41. Bxg5 {White has no choice. At first we can think that White has a
strong attack, however Black's knight on f5 is the perfect defender.} (41. Rxa4
Rxb2 $19) 41... hxg5 42. Nxg5 Rd7 {White has nothing for the sacrificed bishop.
} 43. Rxa4 Nb4 $19 44. Qc1 Nc2 45. Kh2 Nce3 46. Ne4 Qe2 0-1

[Event "Dortmund 44th"]
[Site "Dortmund"]
[Date "2016.07.16"]
[Round "6"]
[White "Caruana, Fabiano"]
[Black "Buhmann, Rainer"]
[Result "1-0"]
[WhiteElo "2810"]
[BlackElo "2653"]
[Annotator "Mokal,P"]
[PlyCount "59"]
[EventDate "2016.07.09"]
[EventType "tourn"]
[EventRounds "7"]
[EventCountry "GER"]
[EventCategory "20"]
[SourceTitle "CBM 174"]
[Source "ChessBase"]
[SourceDate "2016.09.13"]
[SourceVersion "1"]
[SourceVersionDate "2016.09.13"]
[SourceQuality "1"]

1. Nf3 d5 2. g3 c5 3. Bg2 Nc6 4. O-O e5 5. c4 d4 6. d3 Nf6 7. e3 Bd6 (7... Be7
{is more popular in this position. After} 8. exd4 cxd4 {is possible.} ({
But Black mostly takes} 8... exd4 {where there have been hundreds of
encounters, including a couple of blitz games at the top level.} 9. Bf4 O-O 10.
Ne5 Nxe5 11. Bxe5 Ng4 12. Bf4 Bd6 13. h3 (13. Qf3 Bxf4 14. Qxf4 g5 $5 15. Qd2
Rb8 16. Na3 b6 17. Rae1 $14 {1-0 Kramnik,V (2772)-Ivanchuk,V (2739)/ Wch Blitz
Moscow 2009/ (25)}) 13... Bxf4 14. hxg4 Bd6 15. Nd2 Rb8 16. Bd5 Re8 17. Qf3 Be6
18. Rfe1 Qd7 19. Bxe6 Rxe6 20. Re4 Bf8 21. Rae1 Rf6 22. Qd1 h6 23. a3 a6 24.
Nf3 b5 $132 {1/2-1/2 Kramnik,V (2803)-Anand,V (2786)/ Tal Memorial Blitz
Moscow 2013 (43)})) 8. exd4 cxd4 9. Bg5 {A standard idea in the Benoni, which
Caruana is now playing with the reversed colours.} h6 10. Bxf6 Qxf6 11. Nbd2
Bc7 12. Qa4 $5 {[%cal Gb2b4] White ensures getting in b4.} (12. a3 a5 {is also
pretty standard.}) 12... O-O ({The standard} 12... a5 {would not really stop
White from playing} 13. b4 $14) 13. b4 Bf5 14. Qb3 Rab8 $146 ({A couple fo
correspondence games have been seen in these positions. One of them saw Black
pushing with his majority soon with} 14... Bg4 15. a3 Rab8 16. Ne4 Qe7 17. Rfe1
(17. b5 $5) 17... f5 $5 18. Ned2 Rbe8 $13 {1/2-1/2 Koehler,J - Oliynyk,V /
Correspondence 2013 (26)}) ({Another game saw Black blocking the queenside with
} 14... Qe7 15. a3 a5 16. b5 Nd8 17. Qc2 Bd6 18. Rfe1 Qc7 19. Ne4 Bxe4 20. Rxe4
Ne6 21. Re2 Nc5 22. Nd2 Rae8 23. Ne4 Kh8 24. Nxc5 Bxc5 $11 {1-0 Koehler,J
-Eshuis,J /Correspondence 2013 (45)}) 15. Rfe1 a6 (15... Rfe8 {(read Re1 from
White in the Benoni) is a more popular square for the kingside R.} {If} 16. Ne4
{then} Qe7 {The point is that White does not have a P on a3 yet so} 17. b5 (17.
a3 b6 {[%csl Ge4,Gf3][%cal Gg2c6]} 18. Nh4 Bd7 $13) 17... Na5 {is fine for
Black with no Qb4 coming. He can manoeuvre his N back into the game with} 18.
Qb2 b6 19. Rac1 Nb7 {[%cal Gb7c5]}) (15... b5 16. cxb5 Rxb5 17. Rac1 $14) 16.
Rac1 Rfd8 (16... Rfe8) 17. a3 Qe7 $6 {[%csl Re7][%cal Gc6e7] Black may have
probably missed at this moment that taking away the N's retreat square will
have far reaching consequences, more so because of what follows after the move
b5.} ({A sensible option was} 17... Bg4 18. b5 (18. h3) 18... Ne7 {but still
with a pleasant position for White.}) 18. b5 Na5 {[%csl Ra5]} 19. Qb4 $1 {
[%csl Ra5,Re5][%cal Gc7e5,Gc7a5] The B on c7 is soon going to be overloaded.}
Qf6 (19... Qxb4 $2 20. axb4 $18 {[%csl Ra5]}) 20. Ne4 Bxe4 $2 {Black begins
his surrender with this capture, although the position was getting a bit
difficult anyway.} (20... Qb6 {would have been too awkward, and after} 21. Nh4
Be6 22. a4 Qa7 (22... axb5 23. axb5 $16) (22... Kh7 23. c5 $18) {White has a
nice shot} 23. Ng6 $1 fxg6 $140 24. Qe7 $18 {[%csl Rc7,Re6]}) ({Best was
probably} 20... Qe6 21. Nc5 (21. Nh4 Bh7) 21... Qf6 22. Nh4 (22. Nd2 $5 {
[%cal Gd2e4]}) 22... Bh7 $14 {with an edge to White due to his better placed
pieces and free flowing queenside pawn-majority.}) 21. Rxe4 {[%csl Ra5][%cal
Gf3e5] /\Ne5. Material losses are now inevitable for Black.} axb5 (21... Rbc8
22. Nxe5 Bxe5 23. Qxa5 $18) 22. cxb5 Qb6 (22... Rbc8 23. Rxc7 $1 (23. b6 Bd6)
23... Rxc7 24. Qxa5 $16) (22... Qd6 23. Nxe5 $1 Qxb4 $2 24. axb4 Bxe5 25. Rxe5
Nb3 26. Rb1 Nd2 27. Rb2 $18) 23. Nxe5 $18 Bd6 24. Qb2 Rbc8 25. a4 Rxc1+ 26.
Qxc1 Qc5 27. Qxc5 Bxc5 28. h4 h5 $6 29. Bf3 g6 30. Rf4 (30. Rf4 Rf8 31. Nd7 $18
) 1-0

[Event "Sinquefield Cup 4th"]
[Site "Saint Louis"]
[Date "2016.08.09"]
[Round "5"]
[White "Caruana, Fabiano"]
[Black "Vachier Lagrave, Maxime"]
[Result "1/2-1/2"]
[WhiteElo "2807"]
[BlackElo "2819"]
[Annotator "Pavlovic,M"]
[PlyCount "93"]
[EventDate "2016.08.05"]
[EventType "tourn"]
[EventRounds "9"]
[EventCountry "USA"]
[EventCategory "22"]
[SourceTitle "CBM 174"]
[Source "ChessBase"]
[SourceDate "2016.09.13"]
[SourceVersion "1"]
[SourceVersionDate "2016.09.13"]
[SourceQuality "1"]

1. e4 c5 2. Nf3 d6 3. d4 cxd4 4. Nxd4 Nf6 5. f3 Nc6 6. Nc3 e5 7. Nb3 Be7 {
We transposed to a regular f3 Sicilian, not that popular in this move order,
but still played from time to time.} 8. Be3 Be6 9. Nd5 Bxd5 10. exd5 Nb4 11. c4
a5 12. Be2 {I have the impression that a slightly different move order could
improve White's desired set up:} (12. Qd2 b6 13. Nc1 Na6 14. Ne2 $1 O-O 15. Nc3
Nd7 16. Be2 {Black waisted a move on b6 (for a reason) and this helps White to
get what he wants.}) 12... Na6 13. Nd2 $5 O-O 14. Nb1 Nd7 15. Qd2 f5 16. Nc3
Bh4+ $1 17. g3 f4 18. Bf2 Bg5 19. Qc2 Nac5 {Another knight move is not without
sense:} (19... Ndc5 20. Kf1 e4 $1 21. Nxe4 Nb4 22. Qb1 Nxe4 23. Qxe4 Re8 24.
Qb1 Qd7 $44) 20. Kf1 Qe8 21. Re1 $5 (21. Kg2 e4 22. Nxe4 Nxe4 23. Qxe4 Qxe4 24.
fxe4 Ne5 $44) 21... e4 $5 (21... Qh5 22. Kg2 $14) 22. Bxc5 $1 Nxc5 23. Nxe4
Nxe4 24. Bd3 fxg3 25. Bxe4 Qh5 $2 (25... g2+ 26. Qxg2 Qh5 27. Rg1 Bf6 28. Qg4
Qxg4 29. Rxg4 Be5 30. Kg2 b6 {The position is most likely drawish.}) 26. Kg2 $1
gxh2 27. Rxh2 Bh4 28. Bxh7+ Kh8 29. Be4 Rf4 30. Kh1 {White is winning of
course.} Qe5 {The idea is ...g5.} 31. Rg1 (31. c5 dxc5 32. Qxc5 g5 33. Qb6 Qg7
34. d6 {it looks that White will prevail here.}) 31... g5 32. Qc3 $6 Qxc3 33.
bxc3 Kg7 {A huge part of the advantage is gone.} 34. Rb1 Rf7 35. Rb6 Ra6 36.
Rhb2 Rxb6 37. Rxb6 Bf2 $1 38. Rxd6 Rf6 39. Rd8 Rf8 40. Rd6 Rf6 41. Rd8 Rf8 42.
Rxf8 Kxf8 43. d6 Bc5 44. d7 Ke7 45. Bf5 Be3 46. Kg2 Bd2 47. Kf2 {This is just
draw.} 1/2-1/2